000 00313nam a22001337a 4500
008 170302b xxu||||| |||| 00| 0 eng d
020 _a9780716729297
041 _aeng
080 _26TH
_a575
100 _a6
101 _aSHM
245 _aAN INTRODUCTION TO GENETIC ANALYSES
_cGRIFFITHS, A.J.F
942 _2udc
_cBK
999 _c6597
_d6597